Derecho internacional privado /
Contenido: Introducción; Libro primero: Principios generales; 1) Derecho de las personas; 2) La teoría general del negocio jurídico; 3) La protección de los derechos; 4) Derecho de las obligaciones; 5) Derechos reales; 6) Derecho de familia; 7) Derecho sucesorio.
Guardado en:
| Autor principal: | |
|---|---|
| Formato: | Libro |
| Idioma: | Español |
| Publicado: |
México :
Coyoacán,
2012, c2012
|
| Colección: | (Derecho y Sociedad ;
81) |
| Temas: | |
| Etiquetas: |
Sin etiquetas, Sé el primero en etiquetar este registro!
|
MARC
| LEADER | 00000nam^a2200000^a^4500 | ||
|---|---|---|---|
| 001 | 000394223 | ||
| 005 | 20250521000000.0 | ||
| 009 | 20260310121329.121 | ||
| 037 | |a Acervo ITESO - Biblioteca | ||
| 041 | |a ESP | ||
| 082 | |a 340. 9 |b WOL | ||
| 100 | |a Wolff, Martín |e (autor) | ||
| 245 | 1 | 0 | |a Derecho internacional privado / |c M. Wolff ; tr. por José Rovira y Armengol. |
| 264 | 4 | |a México : |b Coyoacán, |c 2012, c2012 | |
| 300 | |a 375 p. | ||
| 336 | |a texto |b txt |2 rdacontenido | ||
| 337 | |a sin mediación |b n |2 rdamedio | ||
| 338 | |a volumen |b nc |2 rdasoporte | ||
| 440 | 1 | |a (Derecho y Sociedad ; |v 81) | |
| 500 | |a Traducción de: Das Internationale Privatrecht | ||
| 520 | |a Contenido: Introducción; Libro primero: Principios generales; 1) Derecho de las personas; 2) La teoría general del negocio jurídico; 3) La protección de los derechos; 4) Derecho de las obligaciones; 5) Derechos reales; 6) Derecho de familia; 7) Derecho sucesorio. | ||
| 521 | |a 2017 BO Licenciatura en Relaciones Internacionales | ||
| 649 | |a XX | ||
| 650 | |a Conflicto en Leyes | ||
| 650 | |a Principios del Derecho | ||
| 650 | |a Jurisdicción (Derecho Internacional) | ||
| 650 | |a Negocio Jurídico - |x Teoría | ||
| 650 | |a Derecho de las Personas | ||
| 650 | |a Derecho de Familia | ||
| 650 | |a Derecho Sucesorio | ||
| 650 | |a Derechos Reales | ||
| 650 | |a Derecho de Crédito o de las Obligaciones | ||
| 650 | |a Derecho Civil | ||
| 650 | |a Derecho Internacional Privado - |x Tema Principal | ||
| 650 | |a Derecho Internacional | ||
| 650 | |a Derecho Privado | ||
| 910 | |a Fondo General | ||
| 920 | |a Impresos - Libros | ||
| 930 | |a Colección General | ||
| 905 | |a 101 | ||
| 901 | |a 0500289043 |b IT1 |c ACC |i C155360 |u 20250521 | ||
| 901 | |a 0500289046 |b IT1 |c ACC |i C155359 |u 20250521 | ||
| 902 | |a https://opac.biblio.iteso.mx/vufind/Record/000394223 | ||